Artists Beginning With L - Statistics

General Stats
  • This quiz has been taken 326 times
  • The average score is 7 of 14
Answer Stats
Hint Answer % Correct
Poker Face Lady Gaga
95%
Stairway to Heaven Led Zeppelin
84%
Sweet Home Alabama Lynyrd Skynyrd
78%
What A Wonderful World Louis Armstrong
73%
Numb Linkin Park
63%
Summertime Sadness Lana Del Rey
58%
All Night Long Lionel Richie
46%
Are You Gonna Go My Way Lenny Kravitz
42%
Doo Wop (That Thing) Lauryn Hill
34%
Funkytown Lipps Inc.
31%
Break Stuff Limp Bizkit
28%
Black Magic Little Mix
21%
Love Me Lil Wayne
8%
Dance Yrself Clean LCD Soundsystem
7%
No matching quizzes found
Score Distribution
Percent of People with Each Score
Percentile by Number Answered
Your Score History
You have not taken this quiz